[Event "Skakliga 2007-08"]
[Site "Denmark"]
[Date "2008.03.09"]
[Round "7.8"]
[White "Andersen, Jackie"]
[Black "Rasmussen, Henning Lau"]
[Result "1-0"]
[WhiteElo "2258"]
[BlackElo "2104"]
[PlyCount "79"]
[EventDate "2007.11.10"]
[EventType "team-tourn"]
[EventRounds "9"]
[EventCountry "DEN"]
[Source "ChessBase"]
[SourceDate "2003.11.25"]
[WhiteTeam "Aarhus/Skolerne"]
[BlackTeam "Jetsmark"]
[WhiteTeamCountry "DEN"]
[BlackTeamCountry "DEN"]

1. d4 d5 2. Nf3 Nf6 3. c4 c6 4. Nc3 a6 5. c5 b6 6. cxb6 Qxb6 7. a3 a5 8. Na4
Qa7 9. Bf4 e6 10. Rc1 Nfd7 11. e3 Ba6 12. Be2 Be7 13. Ne5 Bxe2 14. Qxe2 Qb7 15.
Qc2 Ra6 16. Nd3 O-O 17. O-O Ra8 18. Rfd1 Rc8 19. e4 Na6 20. Bd2 c5 21. dxc5
Naxc5 22. Ndxc5 Nxc5 23. Nxc5 Rxc5 24. Bc3 dxe4 25. Qa4 Rd5 26. Rd4 f5 27. Rcd1
Bc5 28. Rxd5 exd5 29. Bd4 Bxd4 30. Qxd4 Rb8 31. Rd2 Qb3 32. h4 Qc4 33. Qe5 Qc1+
34. Kh2 Qxd2 35. Qxb8+ Kf7 36. Qe5 g6 37. Qc7+ Ke6 38. b4 d4 39. b5 d3 40. b6
1-0

[Event "Skakliga 2007-08"]
[Site "Denmark"]
[Date "2008.03.02"]
[Round "7.1"]
[White "Pedersen, Steffen"]
[Black "Pilgaard, Kim"]
[Result "1-0"]
[WhiteElo "2452"]
[BlackElo "2453"]
[PlyCount "75"]
[EventDate "2007.11.10"]
[EventType "team-tourn"]
[EventRounds "9"]
[EventCountry "DEN"]
[Source "ChessBase"]
[SourceDate "2003.11.25"]
[WhiteTeam "Sydostfyn"]
[BlackTeam "Bronshoj"]
[WhiteTeamCountry "DEN"]
[BlackTeamCountry "DEN"]

1. d4 Nf6 2. c4 e6 3. Nf3 c5 4. d5 d6 5. Nc3 exd5 6. cxd5 g6 7. Nd2 Bg7 8. e4
O-O 9. Be2 Na6 10. O-O Bd7 11. a4 Nb4 12. Nc4 Ne8 13. Bf4 Qe7 14. Qd2 a6 15.
Rfe1 Rd8 16. Bf1 f6 17. Bg3 Bc8 18. Na2 Nxa2 19. Rxa2 Qf7 20. b4 cxb4 21. Qxb4
Qc7 22. Rc2 f5 23. Rec1 Qe7 24. exf5 Bxf5 25. Re2 Qc7 26. Rce1 Bf6 27. Rxe8
Rfxe8 28. Rxe8+ Rxe8 29. Nxd6 Qe7 30. Qb3 Bc8 31. Nxe8 Qxe8 32. h3 Qe1 33. Qb6
Qa1 34. Kh2 Bf5 35. Bc4 Qb2 36. Qc7 Qb4 37. d6+ Kh8 38. Qf7 1-0

[Event "Skakliga 2007-08"]
[Site "Denmark"]
[Date "2008.03.02"]
[Round "7.2"]
[White "Hoi, Carsten"]
[Black "Borbjerggaard, Lars"]
[Result "1/2-1/2"]
[WhiteElo "2409"]
[BlackElo "2376"]
[PlyCount "35"]
[EventDate "2007.11.10"]
[EventType "team-tourn"]
[EventRounds "9"]
[EventCountry "DEN"]
[Source "ChessBase"]
[SourceDate "2003.11.25"]
[WhiteTeam "Bronshoj"]
[BlackTeam "Sydostfyn"]
[WhiteTeamCountry "DEN"]
[BlackTeamCountry "DEN"]

1. d4 Nf6 2. c4 g6 3. Nc3 Bg7 4. e4 d6 5. Nf3 O-O 6. h3 c6 7. Be3 e5 8. d5 cxd5
9. cxd5 Nbd7 10. Nd2 Ne8 11. g4 f5 12. gxf5 gxf5 13. exf5 Nc5 14. Nde4 Nxe4 15.
Nxe4 Bxf5 16. Nc3 Qh4 17. Qd2 Nf6 18. Bd3 1/2-1/2

[Event "Skakliga 2007-08"]
[Site "Denmark"]
[Date "2008.03.02"]
[Round "7.3"]
[White "Nordenbaek, Jan"]
[Black "Brinck Claussen, Bjorn"]
[Result "0-1"]
[WhiteElo "2223"]
[BlackElo "2292"]
[PlyCount "64"]
[EventDate "2007.11.10"]
[EventType "team-tourn"]
[EventRounds "9"]
[EventCountry "DEN"]
[Source "ChessBase"]
[SourceDate "2003.11.25"]
[WhiteTeam "Sydostfyn"]
[BlackTeam "Bronshoj"]
[WhiteTeamCountry "DEN"]
[BlackTeamCountry "DEN"]

1. d4 d5 2. Nf3 Nf6 3. c4 c6 4. Nc3 e6 5. Bg5 dxc4 6. e4 b5 7. e5 h6 8. Bh4 g5
9. Nxg5 hxg5 10. Bxg5 Nbd7 11. exf6 Qa5 12. Be2 Bb7 13. Bf3 O-O-O 14. O-O Ne5
15. Be4 Nd3 16. Qf3 Qc7 17. g3 Rxd4 18. Rfd1 b4 19. Be3 Rd8 20. Na4 c5 21. b3
c3 22. Bf4 Bxe4 23. Qxe4 Qb7 24. Qc4 Rd4 25. Qxd3 Rxd3 26. Rxd3 Rh5 27. Rad1
Rd5 28. Rxd5 exd5 29. h4 d4 30. h5 Qe4 31. h6 d3 32. Be3 d2 0-1

[Event "Skakliga 2007-08"]
[Site "Denmark"]
[Date "2008.03.02"]
[Round "7.4"]
[White "Carstensen, Jacob"]
[Black "Strandby, Martin"]
[Result "0-1"]
[WhiteElo "2300"]
[BlackElo "2072"]
[PlyCount "94"]
[EventDate "2007.11.10"]
[EventType "team-tourn"]
[EventRounds "9"]
[EventCountry "DEN"]
[Source "ChessBase"]
[SourceDate "2003.11.25"]
[WhiteTeam "Bronshoj"]
[BlackTeam "Sydostfyn"]
[WhiteTeamCountry "DEN"]
[BlackTeamCountry "DEN"]

1. d4 Nf6 2. c4 d6 3. Nc3 e5 4. e4 exd4 5. Qxd4 Nc6 6. Qd2 Be7 7. b3 O-O 8. Bb2
Re8 9. f3 a6 10. Bd3 Bd7 11. Nge2 Ne5 12. Bc2 b5 13. f4 Ng6 14. cxb5 axb5 15.
O-O b4 16. Nd1 Bb5 17. Re1 c5 18. Ng3 Bf8 19. Nf2 Nd7 20. Nf5 Nb6 21. Ng4 Re6
22. Nfh6+ gxh6 23. f5 Qg5 24. Qxg5 hxg5 25. fxe6 fxe6 26. Nf6+ Kf7 27. Nxh7 Be7
28. g3 Ne5 29. Bxe5 dxe5 30. Red1 Kg6 31. Nxg5 Kxg5 32. h4+ Kg6 33. Bd3 Bc6 34.
Kf2 Nc8 35. Ke3 Nd6 36. Rh1 Bb5 37. g4 Bxd3 38. Kxd3 c4+ 39. bxc4 Ra3+ 40. Kc2
Rc3+ 41. Kd1 Nxe4 42. Rh2 Rg3 43. Kc2 Rxg4 44. h5+ Kh6 45. Re1 Ng5 46. Re3 Bc5
47. Ree2 Nf3 0-1

[Event "Skakliga 2007-08"]
[Site "Denmark"]
[Date "2008.03.02"]
[Round "7.5"]
[White "Jepsen, Thomas"]
[Black "Palm, Nikolaj"]
[Result "0-1"]
[WhiteElo "2073"]
[BlackElo "2260"]
[PlyCount "74"]
[EventDate "2007.11.10"]
[EventType "team-tourn"]
[EventRounds "9"]
[EventCountry "DEN"]
[Source "ChessBase"]
[SourceDate "2003.11.25"]
[WhiteTeam "Sydostfyn"]
[BlackTeam "Bronshoj"]
[WhiteTeamCountry "DEN"]
[BlackTeamCountry "DEN"]

1. c4 c6 2. Nf3 d5 3. cxd5 cxd5 4. b3 Nc6 5. Bb2 Nf6 6. g3 Bg4 7. Bg2 e6 8. O-O
Be7 9. d3 O-O 10. Nbd2 h6 11. Rc1 a5 12. a3 Qb6 13. Rc3 Nd7 14. Qa1 Bf6 15.
Rxc6 bxc6 16. Bxf6 Nxf6 17. Ne5 Bxe2 18. Re1 Bh5 19. h3 Rae8 20. g4 Bg6 21. h4
h5 22. gxh5 Nxh5 23. Re3 Qc7 24. Bf3 Qe7 25. Bxh5 Bxh5 26. Rg3 f6 27. Nxc6 Qc7
28. Nd4 Qf4 29. Nf1 Qxh4 30. Ne3 Qf4 31. Qc3 Rc8 32. Qb2 Qe5 33. f4 Qxf4 34.
Rh3 Bg4 35. Nxg4 Qxg4+ 36. Kh2 e5 37. Nf3 e4 0-1

[Event "Skakliga 2007-08"]
[Site "Denmark"]
[Date "2008.03.02"]
[Round "7.6"]
[White "Aabling Thomsen, Jakob"]
[Black "Nohr, Finn"]
[Result "1-0"]
[WhiteElo "2269"]
[BlackElo "2058"]
[PlyCount "65"]
[EventDate "2007.11.10"]
[EventType "team-tourn"]
[EventRounds "9"]
[EventCountry "DEN"]
[Source "ChessBase"]
[SourceDate "2003.11.25"]
[WhiteTeam "Bronshoj"]
[BlackTeam "Sydostfyn"]
[WhiteTeamCountry "DEN"]
[BlackTeamCountry "DEN"]

1. e4 c5 2. Nf3 Nc6 3. Nc3 e6 4. d4 cxd4 5. Nxd4 Qc7 6. Ndb5 Qb8 7. Be3 a6 8.
Bb6 axb5 9. Nxb5 Bb4+ 10. c3 Ba5 11. Nc7+ Qxc7 12. Bxc7 Bxc7 13. Qg4 g6 14. Qd1
Nge7 15. Bd3 d5 16. h4 h5 17. Qe2 Kf8 18. O-O Bd7 19. a4 Kg7 20. b4 Rhe8 21.
Rfb1 Ne5 22. Bc2 Nc4 23. Bb3 b5 24. Ra2 Nd6 25. exd5 exd5 26. axb5 Bxb5 27.
Qe5+ f6 28. Qd4 Bc4 29. Rxa8 Rxa8 30. Qc5 Rc8 31. Bxc4 Bb8 32. Ba6 Rc6 33. Bd3
1-0

[Event "Skakliga 2007-08"]
[Site "Denmark"]
[Date "2008.03.02"]
[Round "7.7"]
[White "Mikkelsen, Jakob"]
[Black "Ligaard, Morten Lund"]
[Result "1/2-1/2"]
[WhiteElo "2009"]
[BlackElo "2202"]
[PlyCount "50"]
[EventDate "2007.11.10"]
[EventType "team-tourn"]
[EventRounds "9"]
[EventCountry "DEN"]
[Source "ChessBase"]
[SourceDate "2003.11.25"]
[WhiteTeam "Sydostfyn"]
[BlackTeam "Bronshoj"]
[WhiteTeamCountry "DEN"]
[BlackTeamCountry "DEN"]

1. e4 e5 2. Nc3 Nf6 3. f4 d5 4. fxe5 Nxe4 5. Nf3 Nc6 6. Bb5 Be7 7. Qe2 Nxc3 8.
dxc3 O-O 9. Bf4 a6 10. Bd3 f6 11. O-O-O fxe5 12. Bxe5 Nxe5 13. Qxe5 Bf6 14. Qg3
c6 15. h4 Re8 16. Ng5 h6 17. Nh7 Be5 18. Qf3 Qd6 19. Rdf1 Bd7 20. g4 Kh8 21. g5
Be6 22. gxh6 gxh6 23. Ng5 Rf8 24. Qh5 Bg8 25. Nf7+ Bxf7 1/2-1/2

[Event "Skakliga 2007-08"]
[Site "Denmark"]
[Date "2008.03.02"]
[Round "7.8"]
[White "Petersen, Steen Brustrup"]
[Black "Munk, Kris"]
[Result "1-0"]
[WhiteElo "2136"]
[BlackElo "1900"]
[PlyCount "61"]
[EventDate "2007.11.10"]
[EventType "team-tourn"]
[EventRounds "9"]
[EventCountry "DEN"]
[Source "ChessBase"]
[SourceDate "2003.11.25"]
[WhiteTeam "Bronshoj"]
[BlackTeam "Sydostfyn"]
[WhiteTeamCountry "DEN"]
[BlackTeamCountry "DEN"]

1. e4 g6 2. d4 Bg7 3. Nc3 d6 4. Be3 a6 5. Qd2 b5 6. a4 b4 7. Nd1 a5 8. f3 Ba6
9. Ne2 c6 10. c3 Qb6 11. Nc1 Bxf1 12. Rxf1 Na6 13. Rf2 Nf6 14. Nd3 O-O 15. Bg5
e5 16. dxe5 dxe5 17. cxb4 axb4 18. b3 Nc5 19. Nxc5 Qxc5 20. Rc1 Qb6 21. Qd6
Rfd8 22. Qxc6 Qd4 23. Bxf6 Bxf6 24. Qxf6 h6 25. Qc6 Rac8 26. Qxc8 Rxc8 27.
Rxc8+ Kg7 28. Rc4 Qd6 29. Rd2 Qb6 30. Ke2 g5 31. Ne3 1-0

[Event "Skakliga 2007-08"]
[Site "Denmark"]
[Date "2008.04.12"]
[Round "8.1"]
[White "Hector, Jonny"]
[Black "Teplyi, Igor"]
[Result "1-0"]
[WhiteElo "2520"]
[BlackElo "2233"]
[PlyCount "65"]
[EventDate "2007.11.10"]
[EventType "team-tourn"]
[EventRounds "9"]
[EventCountry "DEN"]
[Source "ChessBase"]
[SourceDate "2003.11.25"]
[WhiteTeam "Nordkalotten"]
[BlackTeam "Nordre"]
[WhiteTeamCountry "DEN"]
[BlackTeamCountry "DEN"]

1. d4 d5 2. Nc3 Nf6 3. Bg5 c6 4. Qd2 e6 5. f3 Be7 6. e4 b6 7. Nh3 Bb7 8. O-O-O
a5 9. g4 Na6 10. e5 Nd7 11. f4 Bxg5 12. Nxg5 h6 13. Nf3 Qe7 14. f5 Nc7 15. Bd3
O-O-O 16. Rhf1 Kb8 17. h4 Bc8 18. Rde1 h5 19. f6 Qf8 20. fxg7 Qxg7 21. Ng5 Rdf8
22. Rf4 hxg4 23. Rxg4 f5 24. exf6 Nxf6 25. Rgg1 Rxh4 26. Nxe6 Qxg1 27. Rxg1
Nxe6 28. Qe1 Rg4 29. Rf1 Ka8 30. Bf5 Rg7 31. Bxe6 Re7 32. Nxd5 cxd5 33. Rxf6
1-0

[Event "Skakliga 2007-08"]
[Site "Denmark"]
[Date "2008.04.12"]
[Round "8.2"]
[White "Wiwe, Andreas"]
[Black "Brynell, Stellan"]
[Result "0-1"]
[WhiteElo "2169"]
[BlackElo "2452"]
[PlyCount "108"]
[EventDate "2007.11.10"]
[EventType "team-tourn"]
[EventRounds "9"]
[EventCountry "DEN"]
[Source "ChessBase"]
[SourceDate "2003.11.25"]
[WhiteTeam "Nordre"]
[BlackTeam "Nordkalotten"]
[WhiteTeamCountry "DEN"]
[BlackTeamCountry "DEN"]

1. e4 e6 2. d4 d5 3. Nc3 Nc6 4. Nf3 Nf6 5. e5 Ne4 6. Ne2 f6 7. exf6 Qxf6 8. Ng3
Bd6 9. Bd3 Nxg3 10. hxg3 h6 11. Bg5 Qf7 12. Qd2 Nb4 13. Ne5 Bxe5 14. Qxb4 Bd6
15. Qd2 Rf8 16. Be3 Bd7 17. O-O-O O-O-O 18. Rde1 Qf6 19. Kb1 a6 20. Re2 e5 21.
dxe5 Bxe5 22. Qb4 d4 23. Bc1 Bc6 24. f4 Qd6 25. Qa5 Bf6 26. Rhe1 Rde8 27. Qh5
Rxe2 28. Rxe2 Qd5 29. Qg6 Qf7 30. Qg4+ Kb8 31. Bg6 Qd7 32. Qxd7 Bxd7 33. Bd2 b6
34. Bh5 c5 35. Kc1 Kc7 36. b3 Rd8 37. Bg6 Bc6 38. Kd1 Rd7 39. Be8 Re7 40. Rxe7+
Bxe7 41. Bxc6 Kxc6 42. Ke2 Kd5 43. Kf3 b5 44. g4 c4 45. Bc1 Bb4 46. f5 Be7 47.
Bd2 Bf6 48. Bc1 Bg5 49. bxc4+ bxc4 50. Bxg5 hxg5 51. g3 a5 52. a4 Ke5 53. Kf2
Ke4 54. Ke2 c3 0-1

[Event "Skakliga 2007-08"]
[Site "Denmark"]
[Date "2008.04.12"]
[Round "8.3"]
[White "Ahlander, Bjorn"]
[Black "Petersen, Tom Petri"]
[Result "1-0"]
[WhiteElo "2394"]
[BlackElo "2286"]
[PlyCount "81"]
[EventDate "2007.11.10"]
[EventType "team-tourn"]
[EventRounds "9"]
[EventCountry "DEN"]
[Source "ChessBase"]
[SourceDate "2003.11.25"]
[WhiteTeam "Nordkalotten"]
[BlackTeam "Nordre"]
[WhiteTeamCountry "DEN"]
[BlackTeamCountry "DEN"]

1. d4 g6 2. c4 Bg7 3. Nc3 d6 4. e4 Nf6 5. Bg5 O-O 6. Qd2 c5 7. d5 Na6 8. f4 Nc7
9. Bd3 Qe8 10. Nf3 h6 11. Bh4 e6 12. O-O exd5 13. exd5 Bf5 14. Bxf5 gxf5 15.
Rae1 Qd7 16. Qd3 Rab8 17. b3 b5 18. Re2 bxc4 19. bxc4 Rfe8 20. Rfe1 Rxe2 21.
Rxe2 Re8 22. Be1 Rxe2 23. Qxe2 Na8 24. Qd3 Nb6 25. Nh4 Ne4 26. Nxe4 fxe4 27.
Qxe4 Qa4 28. Nf5 Nxc4 29. g3 Qd1 30. Kg2 Nd2 31. Qe3 Qc2 32. Qe8+ Bf8 33. Nxh6+
Kg7 34. Qxf7+ Kxh6 35. Qxf8+ Kh7 36. Qe7+ Kg8 37. Qe8+ Kh7 38. Qe2 Qe4+ 39.
Qxe4+ Nxe4 40. Ba5 c4 41. Kf3 1-0

[Event "Skakliga 2007-08"]
[Site "Denmark"]
[Date "2008.04.12"]
[Round "8.4"]
[White "Baekgaard, Martin"]
[Black "Kristensen, Kaare Hove"]
[Result "0-1"]
[WhiteElo "2231"]
[BlackElo "2318"]
[PlyCount "70"]
[EventDate "2007.11.10"]
[EventType "team-tourn"]
[EventRounds "9"]
[EventCountry "DEN"]
[Source "ChessBase"]
[SourceDate "2003.11.25"]
[WhiteTeam "Nordre"]
[BlackTeam "Nordkalotten"]
[WhiteTeamCountry "DEN"]
[BlackTeamCountry "DEN"]

1. c4 c5 2. g3 e6 3. Bg2 d5 4. cxd5 exd5 5. d4 Nc6 6. Nf3 Nf6 7. O-O Be7 8. Nc3
O-O 9. Bg5 c4 10. Ne5 Be6 11. Qd2 Nd7 12. Bxe7 Nxe7 13. Rad1 f6 14. Nf3 a6 15.
Rfe1 Bf7 16. e4 dxe4 17. Nxe4 b5 18. d5 Bxd5 19. Nc3 Bxf3 20. Bxf3 Ne5 21. Bxa8
Qxa8 22. Rxe5 fxe5 23. Qd6 Nc6 24. Rd5 Nd4 25. Ne4 Qc8 26. Qd7 b4 27. Rxd4 exd4
28. Qxd4 Rd8 29. Qe5 Qc6 30. f3 Qd5 31. Qe7 Rf8 32. Kg2 c3 33. bxc3 bxc3 34.
Qc7 Qxa2+ 35. Kh3 c2 0-1

[Event "Skakliga 2007-08"]
[Site "Denmark"]
[Date "2008.04.12"]
[Round "8.5"]
[White "Ejsing, Esben"]
[Black "Hoiberg, Nina"]
[Result "1/2-1/2"]
[WhiteElo "2244"]
[BlackElo "2183"]
[PlyCount "93"]
[EventDate "2007.11.10"]
[EventType "team-tourn"]
[EventRounds "9"]
[EventCountry "DEN"]
[Source "ChessBase"]
[SourceDate "2003.11.25"]
[WhiteTeam "Nordkalotten"]
[BlackTeam "Nordre"]
[WhiteTeamCountry "DEN"]
[BlackTeamCountry "DEN"]

1. d4 d6 2. e4 Nf6 3. Nc3 c6 4. f4 Qa5 5. Bd3 e5 6. dxe5 dxe5 7. f5 Na6 8. Qf3
Bd7 9. Bd2 Nb4 10. Nge2 O-O-O 11. Nc1 h5 12. a3 Nxd3+ 13. Nxd3 Qc7 14. b4 Ng4
15. h3 Nf6 16. Be3 h4 17. O-O c5 18. b5 Qa5 19. Nxe5 Qxc3 20. Nxf7 Bxb5 21.
Nxh8 Bxf1 22. Rxf1 Re8 23. Ng6 Rxe4 24. Nxf8 Rxe3 25. Qd1 Qd4 26. Ne6 Qxd1 27.
Rxd1 b5 28. Rd8+ Kb7 29. Nxc5+ Kc6 30. Nd3 a5 31. Rc8+ Kb6 32. Rb8+ Kc6 33. Ra8
Kb6 34. Rf8 Re4 35. Rf7 Nh5 36. Kf2 Rc4 37. Kf3 Rxc2 38. Kg4 Nf6+ 39. Kxh4 Rxg2
40. Nf4 Rg1 41. Ne6 b4 42. axb4 axb4 43. Nxg7 Nd5 44. Ne6 b3 45. Rf8 Ka7 46.
Rf7+ Kb6 47. Rf8 1/2-1/2

[Event "Skakliga 2007-08"]
[Site "Denmark"]
[Date "2008.04.12"]
[Round "8.6"]
[White "Veng, Johny"]
[Black "Jakobsen, Peter"]
[Result "0-1"]
[WhiteElo "2171"]
[BlackElo "2215"]
[PlyCount "98"]
[EventDate "2007.11.10"]
[EventType "team-tourn"]
[EventRounds "9"]
[EventCountry "DEN"]
[Source "ChessBase"]
[SourceDate "2003.11.25"]
[WhiteTeam "Nordre"]
[BlackTeam "Nordkalotten"]
[WhiteTeamCountry "DEN"]
[BlackTeamCountry "DEN"]

1. c4 e6 2. g3 d5 3. Bg2 Nf6 4. Nf3 Be7 5. O-O O-O 6. b3 c5 7. d3 Nc6 8. Re1 b6
9. Bb2 Bb7 10. Na3 Rc8 11. Nc2 Qc7 12. e4 dxe4 13. dxe4 Rcd8 14. Qc1 Nb4 15.
Nxb4 cxb4 16. Be5 Qc5 17. Qf4 Rd3 18. h4 Nh5 19. Qg4 g6 20. Bb2 f5 21. Qh3 Bf6
22. Bxf6 Rxf6 23. e5 Rf8 24. Ng5 Bxg2 25. Kxg2 Nf4+ 26. gxf4 Rxh3 27. Nxh3 Rd8
28. Rad1 Rxd1 29. Rxd1 h6 30. Ng1 g5 31. hxg5 hxg5 32. fxg5 Qxe5 33. Nf3 Qe4
34. Rd4 Qc6 35. Kg3 Qc7+ 36. Kg2 a5 37. Nh4 Kf7 38. f4 e5 39. fxe5 Qxe5 40. Nf3
Qe2+ 41. Kg3 Qxa2 42. Kf4 Qxb3 43. Nh4 Qb2 44. Nxf5 b3 45. Rd7+ Ke8 46. Re7+
Kf8 47. Ra7 Qd2+ 48. Kg4 Qe2+ 49. Kh4 Qf3 0-1

[Event "Skakliga 2007-08"]
[Site "Denmark"]
[Date "2008.04.12"]
[Round "8.7"]
[White "Nielsen, Lars Aaes"]
[Black "Danstrup, Niels"]
[Result "1-0"]
[WhiteElo "2201"]
[BlackElo "2097"]
[PlyCount "129"]
[EventDate "2007.11.10"]
[EventType "team-tourn"]
[EventRounds "9"]
[EventCountry "DEN"]
[Source "ChessBase"]
[SourceDate "2003.11.25"]
[WhiteTeam "Nordkalotten"]
[BlackTeam "Nordre"]
[WhiteTeamCountry "DEN"]
[BlackTeamCountry "DEN"]

1. e4 d6 2. d4 Nf6 3. Nc3 g6 4. Be2 c6 5. Be3 b5 6. a3 Bg7 7. g4 a6 8. h4 h5 9.
g5 Ng4 10. Bxg4 Bxg4 11. f3 Bc8 12. Nge2 Qc7 13. f4 Bg4 14. Qd3 Nd7 15. f5 d5
16. fxg6 fxg6 17. Nf4 dxe4 18. Nxe4 Bf5 19. O-O-O O-O-O 20. c3 Ne5 21. Qe2 Bg4
22. Qf2 Bxd1 23. dxe5 Qxe5 24. Nc5 Bg4 25. Nxg6 Rhf8 26. Nxe5 Rxf2 27. Nxg4 Rf3
28. Ne6 hxg4 29. Nxd8 Rxe3 30. Nxc6 Rh3 31. Rg1 Kd7 32. Nb8+ Kc8 33. Nxa6 Rxh4
34. Nc5 Be5 35. Nd3 Bh2 36. g6 g3 37. Ne5 Rh8 38. Rg2 Rf8 39. Kd2 Kc7 40. Ke3
Kd6 41. Nf3 Rg8 42. Nxh2 gxh2 43. Rxh2 Rxg6 44. Rd2+ Kc5 45. Ke4 Re6+ 46. Kd3
Rh6 47. Re2 Kd6 48. Re3 Rh2 49. Re2 Rh3+ 50. Kc2 Rh4 51. Rd2+ Kc5 52. Rd8 e5
53. b4+ Kc6 54. Rc8+ Kb6 55. Kb3 Rh7 56. Re8 Rh5 57. a4 bxa4+ 58. Kxa4 Rh3 59.
c4 Re3 60. c5+ Kc6 61. Rh8 Re1 62. Rh6+ Kc7 63. Kb5 e4 64. Rh7+ Kc8 65. Kb6 1-0

[Event "Skakliga 2007-08"]
[Site "Denmark"]
[Date "2008.04.12"]
[Round "8.8"]
[White "Klitgaard, Thomas"]
[Black "Koch, Soren Andreas"]
[Result "1/2-1/2"]
[WhiteElo "2094"]
[BlackElo "2094"]
[PlyCount "51"]
[EventDate "2007.11.10"]
[EventType "team-tourn"]
[EventRounds "9"]
[EventCountry "DEN"]
[Source "ChessBase"]
[SourceDate "2003.11.25"]
[WhiteTeam "Nordre"]
[BlackTeam "Nordkalotten"]
[WhiteTeamCountry "DEN"]
[BlackTeamCountry "DEN"]

1. d4 Nf6 2. c4 d6 3. Nc3 e5 4. dxe5 dxe5 5. Qxd8+ Kxd8 6. g3 c6 7. Bg2 Bc5 8.
Nf3 Re8 9. Ng5 Re7 10. O-O a5 11. b3 h6 12. Nge4 Nxe4 13. Bxe4 Na6 14. Bb2 f5
15. Bg2 e4 16. Rfd1+ Kc7 17. Na4 Ba7 18. Rac1 Nc5 19. Ba3 Re5 20. Bb2 Re7 21.
Ba3 Re5 22. Kf1 Bd7 23. Bb2 Re7 24. Ba3 Re5 25. Bb2 Re7 26. Ba3 1/2-1/2

[Event "Skakliga 2007-08"]
[Site "Denmark"]
[Date "2008.04.12"]
[Round "8.1"]
[White "Rasmussen, Allan Stig"]
[Black "Aagaard, Jacob"]
[Result "0-1"]
[WhiteElo "2475"]
[BlackElo "2533"]
[PlyCount "56"]
[EventDate "2007.11.10"]
[EventType "team-tourn"]
[EventRounds "9"]
[EventCountry "DEN"]
[Source "ChessBase"]
[SourceDate "2003.11.25"]
[WhiteTeam "Jetsmark"]
[BlackTeam "Sydostfyn"]
[WhiteTeamCountry "DEN"]
[BlackTeamCountry "DEN"]

1. e4 c5 2. Nf3 d6 3. d4 cxd4 4. Nxd4 Nf6 5. Nc3 a6 6. f3 e6 7. Be3 b5 8. Qd2
Nbd7 9. O-O-O Bb7 10. g4 Nb6 11. Qf2 Nfd7 12. Bd3 Rc8 13. Nce2 Be7 14. Kb1 O-O
15. Rhg1 d5 16. g5 dxe4 17. fxe4 Nc4 18. Bc1 Qc7 19. Qh4 Rfd8 20. Rg3 Nce5 21.
Rh3 Nf8 22. Bf4 Bd6 23. Qh5 Nxd3 24. Bxd6 Rxd6 25. cxd3 Qd7 26. Rf1 g6 27. Qf3
Rd8 28. Qf6 e5 0-1

[Event "Skakliga 2007-08"]
[Site "Denmark"]
[Date "2008.04.12"]
[Round "8.2"]
[White "Pedersen, Steffen"]
[Black "Glud, Jakob Vang"]
[Result "1-0"]
[WhiteElo "2452"]
[BlackElo "2468"]
[PlyCount "99"]
[EventDate "2007.11.10"]
[EventType "team-tourn"]
[EventRounds "9"]
[EventCountry "DEN"]
[Source "ChessBase"]
[SourceDate "2003.11.25"]
[WhiteTeam "Sydostfyn"]
[BlackTeam "Jetsmark"]
[WhiteTeamCountry "DEN"]
[BlackTeamCountry "DEN"]

1. d4 Nf6 2. c4 e6 3. Nf3 d5 4. Nc3 Be7 5. Bf4 O-O 6. Qc2 c5 7. dxc5 Bxc5 8.
O-O-O Qa5 9. Nd2 Bb4 10. Nb3 Qb6 11. e3 Nc6 12. cxd5 Nxd5 13. Na4 Qd8 14. Bg3
Bd7 15. e4 Rc8 16. exd5 Nd4 17. Rxd4 Rxc2+ 18. Kxc2 Bxa4 19. Rxb4 Qa5 20. Rc4
exd5 21. Rc3 d4 22. Rc7 Qe1 23. f3 d3+ 24. Kxd3 Rd8+ 25. Kc4 Qe3 26. Kb4 b5 27.
Bxb5 Bxb5 28. Kxb5 h5 29. Rhc1 Kh7 30. R1c5 Qd3+ 31. Kb4 Rb8+ 32. Ka3 Qa6+ 33.
Na5 Qb6 34. b3 h4 35. Be1 Qd6 36. Nc4 Qxh2 37. Rxf7 Qg1 38. Bb4 Qxg2 39. Bc3
Rg8 40. Ne3 Qg1 41. Bd4 h3 42. Rf4 h2 43. Rh4+ Kg6 44. Nf5 Kf7 45. Re4 Qxd4 46.
Rxd4 h1=Q 47. Rd7+ Kf6 48. Rd6+ Kf7 49. Rc7+ Ke8 50. Re7+ 1-0

[Event "Skakliga 2007-08"]
[Site "Denmark"]
[Date "2008.04.12"]
[Round "8.3"]
[White "Pedersen, Christian Kyndel"]
[Black "Borbjerggaard, Lars"]
[Result "1-0"]
[WhiteElo "2406"]
[BlackElo "2376"]
[PlyCount "43"]
[EventDate "2007.11.10"]
[EventType "team-tourn"]
[EventRounds "9"]
[EventCountry "DEN"]
[Source "ChessBase"]
[SourceDate "2003.11.25"]
[WhiteTeam "Jetsmark"]
[BlackTeam "Sydostfyn"]
[WhiteTeamCountry "DEN"]
[BlackTeamCountry "DEN"]

1. e4 d5 2. exd5 Nf6 3. d4 Bg4 4. f3 Bf5 5. Bb5+ Nbd7 6. c4 a6 7. Ba4 b5 8.
cxb5 Nxd5 9. Ne2 Nb4 10. bxa6 Rxa6 11. O-O e5 12. Nbc3 Qa8 13. Bb5 Rd6 14. Qa4
Qxa4 15. Bxa4 Nc2 16. dxe5 Ra6 17. Bxc2 Bxc2 18. Nd4 Bd3 19. Re1 Bc5 20. Be3
O-O 21. Rad1 Bc4 22. Ndb5 1-0

[Event "Skakliga 2007-08"]
[Site "Denmark"]
[Date "2008.04.12"]
[Round "8.4"]
[White "Sorensen, Torben N"]
[Black "Christensen, Stefan"]
[Result "0-1"]
[WhiteElo "2387"]
[BlackElo "2308"]
[PlyCount "80"]
[EventDate "2007.11.10"]
[EventType "team-tourn"]
[EventRounds "9"]
[EventCountry "DEN"]
[Source "ChessBase"]
[SourceDate "2003.11.25"]
[WhiteTeam "Sydostfyn"]
[BlackTeam "Jetsmark"]
[WhiteTeamCountry "DEN"]
[BlackTeamCountry "DEN"]

1. f4 d5 2. g3 Bg4 3. Bg2 Nc6 4. h3 Bf5 5. Nf3 e6 6. d3 Nf6 7. O-O h5 8. c3 Be7
9. Qb3 Bc5+ 10. Kh1 Bb6 11. Nbd2 h4 12. Nxh4 Rxh4 13. gxh4 Nh5 14. Rf3 Qxh4 15.
Nf1 Bg4 16. Qd1 Bxf3 17. exf3 Nxf4 18. Bxf4 Qxf4 19. d4 O-O-O 20. Qd2 Qf6 21.
f4 Ne7 22. Nh2 c6 23. Ng4 Qf5 24. Ne3 Qh5 25. Qd1 Qxd1+ 26. Rxd1 Bc7 27. Rf1 f5
28. Rf3 Rh8 29. Bf1 Ng6 30. Ng2 Kd7 31. Kg1 Ke7 32. Kf2 Kf6 33. Ke3 Rh5 34. Ne1
Nh4 35. Rf2 g5 36. fxg5+ Rxg5 37. Nf3 Rg3 38. Ke2 Ng6 39. Kd2 Bf4+ 40. Kc2 Be3
0-1

[Event "Skakliga 2007-08"]
[Site "Denmark"]
[Date "2008.04.12"]
[Round "8.5"]
[White "Jensen, Bjarke"]
[Black "Nordenbaek, Jan"]
[Result "0-1"]
[WhiteElo "2252"]
[BlackElo "2223"]
[PlyCount "80"]
[EventDate "2007.11.10"]
[EventType "team-tourn"]
[EventRounds "9"]
[EventCountry "DEN"]
[Source "ChessBase"]
[SourceDate "2003.11.25"]
[WhiteTeam "Jetsmark"]
[BlackTeam "Sydostfyn"]
[WhiteTeamCountry "DEN"]
[BlackTeamCountry "DEN"]

1. e4 c5 2. Nf3 Nc6 3. d4 cxd4 4. Nxd4 Nf6 5. Nc3 e5 6. Ndb5 d6 7. Bg5 a6 8.
Na3 b5 9. Nd5 Be7 10. Bxf6 Bxf6 11. c3 Ne7 12. Nxf6+ gxf6 13. Nc2 Bb7 14. a4
Bxe4 15. axb5 axb5 16. Bxb5+ Kf8 17. Ne3 f5 18. Rxa8 Bxa8 19. Nc4 Bxg2 20. Rg1
Bd5 21. Ne3 Be6 22. Qa4 Rg8 23. Rxg8+ Nxg8 24. Qa7 d5 25. Nc2 f4 26. b4 Kg7 27.
Ba4 Ne7 28. b5 Nc8 29. Qb8 Qg5 30. Kd2 f3+ 31. Kd1 Qg1+ 32. Ne1 Kf6 33. b6 Qxf2
34. b7 Qe2+ 35. Kc1 Qxe1+ 36. Kb2 Qd2+ 37. Bc2 Bf5 38. bxc8=Q Qxc2+ 39. Ka3
Bxc8 40. Qxc8 Qf5 0-1